Un sprinteur et son poisson-pilote - Statistiques

Statistiques générales
  • Ce quiz a été pris 21 fois
  • Le résultat moyen est 10 sur 20
Statistiques - réponses
Hint Réponse % Correct
Mark Renshaw (2009 à 2011 et 2014 à 2019) chez Columbia, Omega Pharma-Quick Step et Dimension Data Mark Cavendish
82%
Jasper De Buyst (Lotto-Soudal et Lotto Dstny) depuis 2022 Arnaud De Lie
71%
Miles Scotson (FDJ puis Arkea-Samsic) depuis 2019 Arnaud Démare
71%
Geoffrey Soupe entre 2011 et 2019 chez FDJ puis Cofidis Nacer Bouhanni
71%
Marcel Sieberg (2008 à 2018) chez Columbia, Omega Pharma-Lotto, Lotto-Belisol, Lotto-Soudal André Greipel
65%
Bert Van Lerberghe (Soudal Quick-Step) depuis 2023 Tim Merlier
65%
Shane Archbold (entre 2015 et 2023) chez Bora-Argon 18, Deceuninck-Quick Step et Bora-Hansgrohe Sam Bennett
59%
Maximiliano Ariel Richeze (entre 2016 et 2022) chez Quick Step et UAE Team Emirates Fernando Gaviria
53%
Ramon Sinkeldam (Alpecin-Deceuninck) depuis 2023 Kaden Groves
53%
Jacopo Guarnieri entre 2015 et 2016 (Katusha) Alexander Kristoff
47%
Luka Mezgec (Team Jayco AlUla) depuis 2023 Dylan Groenewegen
47%
Geert Steegmans entre 2007 et 2008 (Quick Step) Tom Boonen
47%
Marco Velo (2002 à 2008) chez Fassa Bortolo et Milram Alessandro Petacchi
41%
Michael Morkov (2018 à 2019) chez Quick-Step Floors et Deceuninck-Quick Step Elia Viviani
41%
Rüdiger Selig entre 2017 et 2021 (Bora-Hansgrohe) Pascal Ackermann
41%
Gian Matteo Fagnini (2000 à 2003) chez Telekom Erik Zabel
35%
Rick Zabel (2018 à 2019) chez Katusha-Alpecin Marcel Kittel
35%
Gian Matteo Fagnini (1994 à 1999, et 2004) chez Mercatone Uno, Saeco et Domina Vacanze Mario Cipollini
35%
Pedro Horrillo (1998 à 2009) chez Vitalicio Seguros, Mapei-Quick Step et Rabobank Oscar Freire
35%
Ludovic Capelle (2003 à 2004) chez Landbouwkrediet-Colango Tom Steels
35%
Aucun quiz correspondant
Distribution des résultats
% des personnes avec chaque résultat
Percentile par nombre de réponses
Votre historique - résultats
Vous n’avez pas pris ce quiz